| 000 | 00935nam a2200205Ii 4500 | ||
|---|---|---|---|
| 003 | JO-AjNU | ||
| 008 | 230605s9999||||xx |||||||||||||| ||und|| | ||
| 017 | _a1998/3/356 | ||
| 040 |
_aJO-AjNU _bara _erda _cJO-AjNU |
||
| 041 | _aara | ||
| 050 | 1 | 4 | _aK7200 1998 |
| 100 | 3 |
_aالكسواني، عامر محمود, _eauthor _946672 |
|
| 245 | 0 | 0 | _aالملكية الفكرية: ماهيتها، مفرداتها، طرق حمايتها مضافا اليها اتفاقية إنشاء المنظمة العالمية للملكية الفكرية والاتفاقيتين العالمية والعربية لحماية حقوق المؤلف |
| 264 | 3 | 1 | _aعمان: دار الجيب للنشروالتوزيع، 1998 |
| 300 | _a389ص | ||
| 336 |
_atext _btxt _2rdacontent |
||
| 337 |
_aunmediated _bn _2rdamedia |
||
| 338 |
_avolume _bnc _2rdacarrier |
||
| 650 | 4 |
_aالملكية الفكرية - قوانين وتشريعات _946673 |
|
| 999 |
_aA20322 _c23890 _d23890 |
||